Lands tribunal cases

Bibliographic Details
Other Authors: Othick, Frank
Format: Book
Published: Chichester : Barry Rose , 1974
Edition:v.i 19 ed.
Subjects:

MARC

LEADER 00000cam a2200000 7i4500
001 0000002352
005 20050201.0
040 |a INS 
090 0 0 |a KD1185   |b A5908 1974 
245 0 0 |a Lands tribunal cases   |c Frank Othick 
250 |a v.i 19 ed. 
260 |a Chichester :   |b Barry Rose ,   |c 1974 
650 0 0 |a City planning and redevelopment law 
650 0 0 |a Land subdivision 
700 1 |a Othick, Frank 
999 |a 0000000693   |b BOOK   |c Reference   |e Default branch 
999 |a 0000000694   |b BOOK   |c Open Shelf   |e Default branch 
999 |a 0000000696   |b BOOK   |c Open Shelf   |e Default branch 
999 |a 0000000697   |b BOOK   |c Open Shelf   |e Default branch